A concrete approach to mathematical modeling

Αποθηκεύτηκε σε:
Λεπτομέρειες βιβλιογραφικής εγγραφής
Κύριος συγγραφέας: Mesterton-Gibbons, Michael
Μορφή: Βιβλίο
Γλώσσα:English
Δημοσίευση: New York : John Wilew and sons, c1995
Θέματα:
Ετικέτες: Προσθήκη ετικέτας
Δεν υπάρχουν, Καταχωρήστε ετικέτα πρώτοι!

MARC

LEADER 00000nam a2200000 i 4500
001 1/72254
008 990316s1995 eng d
020 |a 0-471-10960-6 
035 |l 10048520 
040 |a GR-MY-UA  |b gre  |e aacr 
041 0 |a eng 
082 0 |a 511.8 
100 1 |a Mesterton-Gibbons, Michael. 
245 1 2 |a A concrete approach to mathematical modeling /  |c Michael Mesterton-Gibbons 
260 |a New York :   |b John Wilew and sons,   |c c1995 
300 |a 597 p.  |b fig. 
504 |a Includes bibliographical references and index 
650 0 0 |a Mathematical models. 
852 |a INST  |b LESVOS  |e 19990316  |h 511.8 MES  |p 005100017068  |q 005100017068  |t BK  |y 0 
901 |a BIBL-1999-1 
909 |a Λ  |b 061543 
922 |a 1ΕΛΗ  |b 199811  |c ΚΠΣ/ΤΠ  |d ΠΑΠΑΣΩΤΗΡΙΟΥ 
950 |a 107-1998-07-18